书目信息 |
| 题名: |
生物多样性与生态农业
|
|
| 作者: | 杨殿林 , 修伟明 编著 | |
| 分册: | ||
| 出版信息: | 北京 科学出版社 2011.6 |
|
| 页数: | 253页 | |
| 开本: | 24cm | |
| 丛书名: | ||
| 单 册: | ||
| 中图分类: | Q16 , S-0 | |
| 科图分类: | ||
| 主题词: | 生物多样性--关系--生态农业--研究 , 生物多样性 , 生态农业 | |
| 电子资源: | ||
| ISBN: | 978-7-03-032336-1 | |
| 000 | 01171nam0 2200301 450 | |
| 001 | 0400003691 | |
| 005 | 20171022115457.0 | |
| 010 | @a978-7-03-032336-1@dCNY60.00 | |
| 100 | @a20120716e20172011em y0chiy50 ea | |
| 101 | 0 | @achi |
| 102 | @aCN@b110000 | |
| 105 | @aa z 000yy | |
| 106 | @ar | |
| 200 | 1 | @a生物多样性与生态农业@9sheng wu duo yang xing yu sheng tai nong ye@dBiodiversity and sustainable agriculture@f杨殿林,修伟明等编著@zeng |
| 210 | @a北京@c科学出版社@d2011.6@h2017.1 | |
| 215 | @a253页@c图@d24cm | |
| 300 | @a转基因生物新品种培育科技重大专项 公益性行业(农业)科研专项和中央级公益性科研院所基本科研业务费专项资助 | |
| 330 | @a本书阐述了重要转基因作物生态安全性、外来植物入侵机制与防控、生态农业技术研究与应用,区域生态农业和农村经济可持续发展的科学依据和关键技术等内容。 | |
| 510 | 1 | @aBiodiversity and sustainable agriculture@zeng |
| 606 | 0 | @a生物多样性@x关系@x生态农业@x研究 |
| 606 | 0 | @a生物多样性 |
| 606 | 0 | @a生态农业 |
| 690 | @aQ16@v4 | |
| 690 | @aS-0@v4 | |
| 701 | 0 | @a杨殿林@9yang dian lin@f(1965~)@4编著 |
| 701 | 0 | @a修伟明@9xiu wei ming@f(1978~)@4编著 |
| 801 | 0 | @aCN@b91MARC@c20171022 |
| 905 | @b1022964-9@dQ16@f6@e212 | |
| 生物多样性与生态农业=Biodiversity and sustainable agriculture/杨殿林,修伟明等编著.-北京:科学出版社,2011.6(2017.1) |
| 253页:图;24cm |
| 转基因生物新品种培育科技重大专项 公益性行业(农业)科研专项和中央级公益性科研院所基本科研业务费专项资助 |
| ISBN 978-7-03-032336-1:CNY60.00 |
| 本书阐述了重要转基因作物生态安全性、外来植物入侵机制与防控、生态农业技术研究与应用,区域生态农业和农村经济可持续发展的科学依据和关键技术等内容。 |
| ● |
| 相关链接 |
|
|
|
|
正题名:生物多样性与生态农业
索取号:Q16/212
 
预约/预借
| 序号 | 登录号 | 条形码 | 馆藏地/架位号 | 状态 | 备注 |
| 1 | 1022964 | 210229645 | 第二样本阅览室/ [索取号:Q16/212] | 在馆 | |
| 2 | 1022965 | 210229656 | 第三借阅区/ [索取号:Q16/212] | 在馆 | |
| 3 | 1022966 | 210229661 | 第三借阅区/ [索取号:Q16/212] | 在馆 | |
| 4 | 1022967 | 210229670 | 密集书库-生命科学系/ [索取号:Q16/212] | 在馆 | |
| 5 | 1022968 | 210229689 | 第三借阅区/ [索取号:Q16/212] | 在馆 | |
| 6 | 1022969 | 210229698 | 第三借阅区/ [索取号:Q16/212] | 在馆 |